Del muro de la soledad a la puerta del futuro (Record no. 11980)

MARC details
000 -LEADER
campo de control de longitud fija 00919nam a22002535i 4500
001 - NÚMERO DE CONTROL
campo de control 11980
003 - IDENTIFICADOR DE NÚMERO DE CONTROL
campo de control ES-MaACL
005 - FECHA Y HORA DE LA ÚLTIMA TRANSACCIÓN
campo de control 20230906150220.0
007 - CAMPO FIJO DE DESCRIPCIÓN FÍSICA--INFORMACIÓN GENERAL
campo de control de longitud fija t|
008 - DATOS DE LONGITUD FIJA--INFORMACIÓN GENERAL
campo de control de longitud fija 940413s1993 sp ||||0| spa j
020 ## - NÚMERO INTERNACIONAL ESTÁNDAR DEL LIBRO
Número Internacional Estándar del Libro 84-87098-15-0
040 ## - FUENTE DE CATALOGACIÓN
Centro catalogador/agencia de origen M-BN
Lengua de catalogación spa
Centro/agencia transcriptor M-BN
080 ## - NÚMERO DE LA CLASIFICACIÓN DECIMAL UNIVERSAL
Número de la Clasificación Decimal Universal 364.444.046.6(729.12 H.)(091)
100 1# - ENTRADA PRINCIPAL--NOMBRE DE PERSONA
Nombre de persona Yglesia Martínez, Teresita.
9 (RLIN) 117636
245 10 - MENCIÓN DEL TÍTULO
Título Del muro de la soledad a la puerta del futuro
Resto del título : el hospital Hermanos Ameijeiras en el desarrollo de la Salud Pública Cubana /
Mención de responsabilidad, etc. Teresita Yglesia Martínez.
260 ## - PUBLICACIÓN, DISTRIBUCIÓN, ETC.
Lugar de publicación, distribución, etc. Madrid :
Nombre del editor, distribuidor, etc. Fundación de Investigaciones Marxistas,
Fecha de publicación, distribución, etc. D.L. 1993.
300 ## - DESCRIPCIÓN FÍSICA
Extensión 253 p :
Otras características físicas gráf ;
Dimensiones 20 cm.
490 1# - MENCIÓN DE SERIE
Mención de serie Salud ;
Designación de volumen o secuencia 4
610 27 - PUNTO DE ACCESO ADICIONAL DE MATERIA--NOMBRE DE ENTIDAD CORPORATIVA
Nombre de entidad corporativa o nombre de jurisdicción como elemento de entrada Hospital Hermanos Ameijeiras-
Subdivisión general Historia.
9 (RLIN) 4610
710 2# - ENTRADA AGREGADA--NOMBRE DE ENTIDAD CORPORATIVA
Nombre de entidad corporativa o nombre de jurisdicción como elemento de entrada Fundación de Investigaciones Marxistas.
9 (RLIN) 4272
830 0# - PUNTO DE ACCESO ADICIONAL DE SERIE-TÍTULO UNIFORME
Título uniforme Salud ;
Designación de volumen o secuencia 4
9 (RLIN) 228237
852 ## - LOCALIZACIÓN
Ubicación ES-MaACL
Número de control de estantería L-19243
Sublocalización o colección R.122164
Holdings
Estatus retirado Estado de pérdida Estado de daño No para préstamo Biblioteca de origen Biblioteca actual Ubicación en estantería Fecha de adquisición Fuente de adquisición Total de préstamos Signatura topográfica completa Código de barras Visto por última vez Precio de reemplazo Tipo de ítem Koha
        Biblioteca del Ateneo de Madrid Biblioteca del Ateneo de Madrid Depósito 2 17/01/2008     L-19243 1012207 23/02/2023 23/02/2023 Libro impreso